000 00574nam a2200181 i 4500
001 88679
003 ES-MaACL
005 20230906175913.0
007 t|
008 050105s1951 xxu ||||1| eng d
100 1 _aLandau, L.
_969930
245 1 4 _aThe classical theory of fields /
_cby L. Landau and E. Lifshitz ; translated from the russian by Norton Hamermesh.
260 _aMassachusetts :
_bAddison-Wesley,
_c1951.
300 _aIX, 354 p. ;
_c23 cm.
700 1 _aLifshitz, E.
_972267
700 1 _aHamermesh, Norton.
_961650
852 _aES-MaACL
_jC-10908
_bR.39113
999 _c88679
_d88679